Good work, secret seven / (Record no. 13165)
[ view plain ]
| 000 -LEADER | |
|---|---|
| fixed length control field | 01996nam a22003497a 4500 |
| 001 - CONTROL NUMBER | |
| control field | B-264343-350 |
| 003 - CONTROL NUMBER IDENTIFIER | |
| control field | dpl |
| 005 - DATE AND TIME OF LATEST TRANSACTION | |
| control field | 2008072104264.0 |
| 008 - FIXED-LENGTH DATA ELEMENTS--GENERAL INFORMATION | |
| fixed length control field | 080721t xxu||||| |||| 00| 0 eng d |
| 020 ## - INTERNATIONAL STANDARD BOOK NUMBER | |
| International Standard Book Number | 0340893125 |
| Terms of availability | 60.00 |
| 035 ## - SYSTEM CONTROL NUMBER | |
| System control number | B-264343-350 |
| 040 ## - CATALOGING SOURCE | |
| Original cataloging agency | DPL |
| Language of cataloging | EN |
| Transcribing agency | dpl |
| 082 ## - DEWEY DECIMAL CLASSIFICATION NUMBER | |
| Classification number | S |
| 100 ## - MAIN ENTRY--PERSONAL NAME | |
| Personal name | Blyton, Enid |
| 245 ## - TITLE STATEMENT | |
| Title | Good work, secret seven / |
| Statement of responsibility, etc | by Enid Blyton |
| 260 ## - PUBLICATION, DISTRIBUTION, ETC. (IMPRINT) | |
| Place of publication, distribution, etc | London |
| Name of publisher, distributor, etc | Hodder Headline |
| Date of publication, distribution, etc | 2004 |
| 260 ## - PUBLICATION, DISTRIBUTION, ETC. (IMPRINT) | |
| Place of publication, distribution, etc | New Delhi |
| Name of publisher, distributor, etc | Blue Berry (Vendor) |
| Date of publication, distribution, etc | 2004 |
| 270 ## - ADDRESS | |
| City | New York |
| 300 ## - PHYSICAL DESCRIPTION | |
| Extent | 122p. |
| Dimensions | 18 cm (Hb) |
| 490 ## - SERIES STATEMENT | |
| Series statement | The secret seven 6 |
| 942 ## - ADDED ENTRY ELEMENTS (KOHA) | |
| Source of classification or shelving scheme | Dewey Decimal Classification |
| Koha item type | Children Books |
| Classification part | S |
| Call number suffix | BLY |
| Withdrawn status | Lost status | Damaged status | Not for loan | Collection code | Home library | Current library | Date acquired | Cost, normal purchase price | Total Checkouts | Full call number | Barcode | Date last seen | Copy number | Cost, replacement price | Price effective from | Koha item type | Total Renewals | Date checked out | Source of classification or shelving scheme | Public note | Source of acquisition |
|---|---|---|---|---|---|---|---|---|---|---|---|---|---|---|---|---|---|---|---|---|---|
| Fiction | Bagh Kadhe Khan | Bagh Kadhe Khan | 21/07/2008 | 60.00 | S / BLY | B-264348 | 15/09/2008 | 1 | 60.00 | 15/09/2008 | Children Books | ||||||||||
| Fiction | Bawana | Bawana | 21/07/2008 | 60.00 | S / BLY | B-264350 | 15/09/2008 | 1 | 60.00 | 15/09/2008 | Children Books | ||||||||||
| Fiction | Karol Bagh | Karol Bagh | 21/07/2008 | 60.00 | S / BLY | B-264346 | 15/09/2008 | 1 | 60.00 | 15/09/2008 | Children Books | ||||||||||
| Fiction | Kasturba Gandhi Marg | Kasturba Gandhi Marg | 21/07/2008 | 60.00 | 1 | S / BLY | B-264344 | 15/04/2019 | 1 | 60.00 | 15/09/2008 | Children Books | 1 | 22/03/2019 | |||||||
| Written off | Fiction | Narela | Narela | 21/07/2008 | 60.00 | S / BLY | B-264349 | 15/09/2008 | 1 | 60.00 | 15/09/2008 | Children Books | Written off on approval by DLB (By Circulation); dtd 20.12.2022 | ||||||||
| Written off | Written-off vide DLB M. No. 388 dt 23.02.22 | Fiction | New Rohtak Road | New Rohtak Road | 21/07/2008 | 60.00 | S / BLY | B-264347 | 15/09/2008 | 1 | 60.00 | 15/09/2008 | Children Books | Dewey Decimal Classification | |||||||
| Fiction | Patel Nagar | Patel Nagar | 21/07/2008 | 60.00 | S / BLY | B-264343 | 15/09/2008 | 1 | 60.00 | 15/09/2008 | Children Books | ||||||||||
| Fiction | Peshwa Road | Peshwa Road | 21/07/2008 | 60.00 | S / BLY | B-264345 | 15/09/2008 | 1 | 60.00 | 15/09/2008 | Children Books | ||||||||||
| Fiction | Vinoba Puri | Vinoba Puri | 29/08/2008 | 60.00 | 6 | S BLY | B-284624 | 13/11/2010 | 1 | 60.00 | 15/09/2008 | Children Books | 1 | 02/11/2010 | Blueberry/4571/19.8.08/192/21.7.08/19.8.08 |
